Vật lí 6

محفوظ في:
التفاصيل البيبلوغرافية
المؤلف الرئيسي: Vũ, Quang
مؤلفون آخرون: Bùi, Gia Thịnh
التنسيق: كتاب
اللغة:Undetermined
منشور في: H. Giáo dục 2004
الموضوعات:
الوصول للمادة أونلاين:http://lrc.tdmu.edu.vn/opac/search/detail.asp?aID=2&ID=4829
الوسوم: إضافة وسم
لا توجد وسوم, كن أول من يضع وسما على هذه التسجيلة!
Thư viện lưu trữ: Trung tâm Học liệu Trường Đại học Thủ Dầu Một
LEADER 00601nam a2200205Ia 4500
001 TDMU_4829
008 210410s9999 xx 000 0 und d
082 |a 530.71 
090 |b V500 
100 |a Vũ, Quang 
245 0 |a Vật lí 6 
245 0 |c Vũ Quang 
260 |a H. 
260 |b Giáo dục 
260 |c 2004 
300 |a 96tr 
650 |a Sách lớp 6  |v Giáo khoa; Vật lí  |x Dạy và học 
700 |a Bùi, Gia Thịnh 
856 |u http://lrc.tdmu.edu.vn/opac/search/detail.asp?aID=2&ID=4829 
980 |a Trung tâm Học liệu Trường Đại học Thủ Dầu Một